| 000 | 01241nam a22003497a 4500 | ||
|---|---|---|---|
| 003 | CHAP | ||
| 005 | 20220329133652.0 | ||
| 008 | 971013s1979 r 00010 d | ||
| 010 | _a9273 | ||
| 011 | _a10245 | ||
| 035 | _a9482 | ||
| 040 | _cCHAP | ||
| 082 |
_a338.1 _bA2 |
||
| 100 | 0 | 0 |
_aAbbott, John Cane. _9165 |
| 245 | _aAgricultural economics and marketing in the tropics | ||
| 260 |
_aLondon : _bLongman, _c1979 |
||
| 300 |
_a168 p. _b: ilus. ; gráfs |
||
| 490 | _aIntermediate tropical agriculture series | ||
| 590 |
_aBATCH-UPD _b10 _c20130110 _lUCH01 _h2118 |
||
| 590 |
_aBATCH-UPD _b10 _c20130410 _lUCH01 _h1428 |
||
| 590 |
_aBATCH-UPD _b10 _c20130914 _lUCH01 _h1650 |
||
| 590 |
_aCONVERSION _b10 _c20130109 _lUCH01 _h1306 |
||
| 650 | 1 | 4 |
_aAgricultura _xAspectos economicos _xTropicos. _91301 |
| 650 | 1 | 4 |
_aProductos agrícolas _xMercadeo _xTrópicos. _991993 |
| 700 | 0 |
_aMakeham, J. P. _969952 |
|
| 830 | 0 |
_aIntermediate tropical agriculture series _959530 |
|
| 901 | _aBK | ||
| 942 | _cLIBRO | ||
| 949 |
_a338.1 A2 _bBC _cLIBRO _d33724000353298 _eLIBRO _fc.3 _h52203 _i9482 _si |
||
| 949 |
_a338.1 A2 _bBC _cLIBRO _d33724000353306 _eLIBRO _fc.2 _h52202 _i9482 _si |
||
| 949 |
_a338.1 A2 _bBC _cLIBRO _d33724000353314 _eLIBRO _h48377 _i9482 _si _t174.00 |
||
| 999 |
_c9273 _d9273 |
||